000 00432nam a2200133Ia 4500
008 100328s9999 xx 000 0 und d
082 _b21615
100 _aवरेरकर भार्गवराम विठ्ठल
245 _aशिपायाची बायको
260 _bशेठ
630 _aशिपायाची बायको
730 _aशिपायाची बायको
942 _cBOOK
999 _c515616
_d515613